Los actos cooperativos : Apuntes para un estudio metodológico /

Guardado en:
Autor Principal: Corbella, Carlos Jorge
Formato: Libro
Idioma:Spanish
Publicado: Buenos Aires : Intercoop, 1985
Etiquetas: Agregar Etiqueta
Sin Etiquetas, Sea el primero en etiquetar este registro!
LEADER 00386nam a22001095a 4500
001 DER.der000987
005 20050818000000.0
008 180615s1985####||||||||||||||||||||spa||
100 1 |a Corbella, Carlos Jorge 
245 1 0 |a Los actos cooperativos :  |b Apuntes para un estudio metodológico /  |c Carlos Jorge Corbella 
260 |a Buenos Aires :  |b Intercoop,  |c 1985 
859 |a DERECHO  |b BIB. DERECHO  |h 346.06  |i COR  |p 001674